Strike a Pose. Eccentric Architecture and Spectacular Spaces. /
Uložené v:
| Médium: | Kniha |
|---|---|
| Jazyk: | English |
| Vydavateľské údaje: |
Berlin :
Gestalten,
2008
|
| Predmet: | |
| Tagy: |
Žiadne tagy, Buďte prvý, kto otaguje tento záznam!
|
MARC
| LEADER | 00000nam a22000003a 4500 | ||
|---|---|---|---|
| 001 | stu176524 | ||
| 005 | 20170227144727.8 | ||
| 008 | 081201s2008------------------------eng-d | ||
| 020 | |a 978-3-89955-225-6 | ||
| 040 | |a STU |b slo | ||
| 041 | 0 | |a eng | |
| 245 | |a Strike a Pose. Eccentric Architecture and Spectacular Spaces. / |c Eds. Robeert Klanten- Lukas Feireiss | ||
| 260 | |a Berlin : |b Gestalten, |c 2008 | ||
| 300 | |a 319 s | ||
| 650 | 0 | 7 | |a architektúra súčasná, trendy |
| 650 | 0 | 7 | |a contemporary architecture |
| 996 | |b 284AU04153 |c A*6173 |l AAKNST |s P |a 0 |w stu176524_0001 | ||